=LDR 00000nam 2200000 4500 =001 INLIS000000000000675 =005 20130612085117 =008 ***********************************Ind** =035 ##$$0010-061300000000675 =041 ##$$a Ind =082 ##$$a 92(Sumitro) =090 ##$$a 92(Sumitro), Ram-s =100 ##$$a Ramadhan, KH =245 ##$$a Soemitro, former commander of Indonesian security apparatus, KH.Ramadhan =260 ##$$a 1996 $b Jakarta =300 ##$$a vi, 432 hlm, ilus, 21 cm =650 ##$$a Sumitro =850 ##$$a NBPNMAT